00442nam a2200145Ia 4500008004100000082001200041082000800053245007300061245001700134260001700151300000900168942000800177999001900185952009200204231017s9999 xx 000 0 und d a388.312 bMAR 0aEvaluation of Optimal Traffic Monitoring Station Spacing on Freeways 0cPeter Martin bPeter Martin c30cm cREP c604385d604385 00104070aNITbNITd2023-10-17l0o388.312 MARpNIT-6419r2023-10-17w2023-10-17yREP